00765nam a22002177a 4500003000500000005001700005008004100022010001000063011001000073035001000083040000900093100003800102245013600140260004100276300003200317502010000349650002500449650002600474650002200500650002500522CHAP20220329142328.0000724d2000 mx r 00110 spa d a81813 a82785 a93288 cCHAP00aVargas Aguirre, José Alejandro.10aProducción de melón (Cucumis melo L.) mediante alcolchado plástico y riego por cintillac/por José Alejandro Vargas Aguirre aChapingo, Méx. :bEl autor,c2000. a67 h. :bgráfs. ; cuadros aTesis (Ing. Agr. en Sistemas Agrícolas de Zonas Aridas) -- UACH. Departamento de Zonas Aridas14aAcolchado de suelos.14aMelónxRendimiento.14aMelónzDurango.14aRiego por cintillas.